000 00425nam a2200169 a 4500
001 0000-8592
003 ELIB.Books
008 110520 1952
035 _a(ELIB.Books)0000-8738
082 _a240
_bDye
100 _aDye, Harold E.
245 _aThe Weaver
260 _bNashville: Broadman Press
_c1952
650 _aDictionary of Christian Ethics
942 _2ddc
_cBK
998 _cbat
_e2011-05-20
999 _c8592
_d8592